|
|
|
|
| LEADER |
00000nab a2200000 a 4500 |
| 001 |
vtls000138732 |
| 003 |
SK-MaSNL |
| 005 |
20260318133231.0 |
| 008 |
150430c1982 xo 0 ukr |
| 015 |
|
|
|a SNBRB19rr/mm-uuuuu
|
| 035 |
|
|
|a CL0148838
|
| 040 |
|
|
|a SNKBUCL
|b slo
|c SNKBUCL
|e AACR2
|
| 041 |
0 |
|
|a ukr
|
| 044 |
|
|
|a xo
|c SK
|
| 080 |
|
|
|a 883-1=83
|2 1981
|
| 100 |
1 |
|
|a Byčko, Valentyn Vasyl'ovyč,
|d 1912-1994
|4 aut
|9 384344
|
| 245 |
1 |
0 |
|a Spalachny vohnevu
|c Valentyn Byčko
|
| 650 |
0 |
7 |
|a básne lyrické
|2 snkbucl
|9 403933
|
| 650 |
0 |
7 |
|a sovietska literatúra
|2 snkbucl
|9 22300
|
| 655 |
|
7 |
|a články z novín a časopisov
|2 snkbucl
|9 267496
|
| 655 |
|
7 |
|a články z odboru literárna veda a krásna literatúra
|2 snkbucl
|9 770045
|
| 773 |
0 |
|
|t Duklja
|g Roč. 30, č. 6 (1982), s. 46
|
| 850 |
|
|
|a Slovenská národná knižnica v Martine
|a MTA001
|
| 852 |
|
|
|a SNK
|b KIS3GCP
|
| 958 |
|
|
|a RK
|
| 958 |
|
|
|a LX
|
| 958 |
|
|
|a SK
|
| 992 |
|
|
|a RBX
|
| 999 |
|
|
|c 2104413
|d 2106343
|